|
|
|
|
| LEADER |
00000nab a2200000 ar4500 |
| 001 |
vtls008997644 |
| 003 |
SK-MaSNL |
| 005 |
20260303065813.0 |
| 008 |
070611c2007 xo er|p|||||||000 b|slo |
| 015 |
|
|
|a SNBRB2007/06
|2 snkbucl
|
| 040 |
|
|
|a SNKBUCL
|b slo
|c SNKBUCL
|e AACR2
|
| 041 |
0 |
|
|a slo
|
| 044 |
|
|
|a xo
|c SK
|
| 080 |
|
|
|a 778.534.48
|x (437.6)
|2 2001
|
| 100 |
1 |
|
|a Fičová, Lucia
|4 aut
|9 340326
|
| 245 |
1 |
0 |
|a Hlasy, ktoré počujete, tváre, ktoré nepoznáte
|b Milan Kičin: Deväťdesiatminútový film sa robieva do troch dní
|c spracovala Lucia Fričová
|
| 300 |
|
|
|b Fotogr.
|
| 650 |
0 |
7 |
|a slovenský dabing
|2 snkbucl
|9 1066356
|
| 700 |
1 |
|
|a Kičin, Milan
|4 aut
|9 1066357
|
| 773 |
0 |
|
|t Profit
|g Č. 3 (2007), s. 52-53
|x 1335-4620
|
| 852 |
|
|
|a SNK
|b KIS3GCP
|
| 958 |
|
|
|a SK
|
| 999 |
|
|
|c 1752783
|d 1754713
|